000
00288nam a22001337a 4500
008
181022b xxu||||| |||| 00| 0 eng d
020
_a
9780764144646
041
_a
eng
080
_a
910
100
_a
42
101
_a
GJEO
245
_a
E-Z Earth Science
_c
Sills,A.D
942
_2
udc
_c
BK
999
_c
50446
_d
50446